[Event "ESP-chT CECLUB Div2"]
[Site "Linares"]
[Date "2022.08.26"]
[Round "6.1"]
[White "Urla Martos, Alfredo"]
[Black "Roque Sola, Andrea"]
[Result "0-1"]
[WhiteElo "2139"]
[BlackElo "1933"]
[PlyCount "44"]
[EventDate "2022.08.22"]
[EventType "team-swiss"]
[EventRounds "7"]
[EventCountry "ESP"]
[SourceTitle "CBM 209 Extra"]
[Source "ChessBase"]
[SourceDate "2022.09.30"]
[SourceVersion "1"]
[SourceVersionDate "2022.09.30"]
[SourceQuality "1"]
[WhiteTeam "Naxfor Benalmadena"]
[BlackTeam "Diagonal Alcorcon"]
[WhiteTeamCountry "ESP"]
[BlackTeamCountry "ESP"]

1. e4 c5 2. c3 d5 3. exd5 Nf6 4. Qa4+ Nbd7 5. c4 b5 6. Qxb5 Rb8 7. Qa4 e6 8. dxe6 fxe6 9. Nf3 Bd6 10. Nc3 0-0 11. Be2 Bb7 12. 0-0 Ng4 13. h3 Bxf3 14. gxf3 Nh2 15. Ne4 Bc7 16. Re1 Ne5 17. Kg2 Nhxf3 18. Bxf3 Rxf3 19. Re3 Qh4 20. Ng3 Qf4 21. Nh1 Rf8 22. Rxf3 Nxf3 0-1

[Event "Pontevedra op-A 10th"]
[Site "Pontevedra"]
[Date "2022.07.27"]
[Round "6"]
[White "Roque Sola, Andrea"]
[Black "Vidal del Rio, Manuel"]
[Result "0-1"]
[WhiteElo "1913"]
[BlackElo "2092"]
[PlyCount "58"]
[EventDate "2022.07.24"]
[EventType "swiss"]
[EventRounds "9"]
[EventCountry "ESP"]
[SourceTitle "EXT 2023"]
[Source "ChessBase"]
[SourceDate "2022.10.05"]
[SourceVersion "1"]
[SourceVersionDate "2022.10.05"]
[SourceQuality "1"]

1. c4 Nf6 2. g3 e6 3. Bg2 d5 4. d4 Be7 5. Nf3 0-0 6. 0-0 dxc4 7. Ne5 Nc6 8. Nxc6 bxc6 9. Bxc6 Rb8 10. Bg2 Bb7 11. Nc3 Bxg2 12. Kxg2 Qd7 13. e3 c5 14. dxc5 Qc6+ 15. Qf3 Qxc5 16. e4 Qc6 17. Be3 Rxb2 18. Bxa7 Rb7 19. Bd4 Rd8 20. Rfd1 Rbd7 21. Bxf6 Bxf6 22. Rxd7 Rxd7 23. Rd1 Rxd1 24. Qxd1 h6 25. Ne2 Qxe4+ 26. Kf1 c3 27. Qc1 c2 28. h4 Bc3 29. Qa3 Qh1+ 0-1

[Event "Motiva Online Blitz (Women)"]
[Site "Chess.com INT"]
[Date "2021.12.18"]
[Round "3"]
[White "Samaganova, Alexandra"]
[Black "Roque Sola, Andrea"]
[Result "1-0"]
[WhiteElo "1917"]
[BlackElo "1907"]
[PlyCount "119"]
[EventDate "2021.12.18"]
[EventType "swiss (blitz)"]
[EventRounds "13"]
[EventCountry "USA"]
[SourceTitle "CBM 205 Extra"]
[Source "ChessBase"]
[SourceDate "2022.01.31"]
[SourceVersion "1"]
[SourceVersionDate "2022.01.31"]
[SourceQuality "1"]

1. c4 e5 2. Nc3 Nc6 3. g3 Bc5 4. Bg2 a6 5. e3 d6 6. Nge2 Ba7 7. d4 exd4 8. Nxd4 Nxd4 9. exd4 Nf6 10. 0-0 0-0 11. h3 h6 12. Be3 c6 13. Qd2 d5 14. cxd5 Nxd5 15. Nxd5 cxd5 16. Rac1 Be6 17. Rc3 Qd7 18. Kh2 Rfc8 19. Rfc1 Rxc3 20. Qxc3 Rd8 21. Qc7 Kh7 22. Qe5 Bb8 23. Qh5 Bf5 24. Qe2 Be6 25. b4 b5 26. Qc2+ Bf5 27. Qc6 Qxc6 28. Rxc6 Rd6 29. Rc5 Be6 30. Bf4 Rd8 31. Bxb8 Rxb8 32. Bxd5 Bxd5 33. Rxd5 Rc8 34. Rc5 Rd8 35. d5 Kg6 36. Rc6+ Kf5 37. Rxa6 Rxd5 38. Ra7 Ke6 39. a4 bxa4 40. Rxa4 Rd2 41. Kg2 Rb2 42. Ra6+ Kd5 43. Rb6 Ke5 44. Rb7 Kf6 45. b5 Kg6 46. g4 f6 47. Kg3 Rb3+ 48. f3 Rb4 49. h4 Kh7 50. h5 Rb3 51. b6 Rb4 52. Rb8 Rb3 53. Kf4 Rb4+ 54. Kf5 Rb3 55. f4 Rb4 56. b7 Rb6 57. Ke4 Rb5 58. Kd4 g6 59. hxg6+ Kxg6 60. Rg8+ 1-0

[Event "Alicante Easter op 5th"]
[Site "Alicante"]
[Date "2021.03.31"]
[Round "1"]
[White "Movsziszian, Karen"]
[Black "Roque Sola, Andrea"]
[Result "1-0"]
[WhiteElo "2471"]
[BlackElo "1894"]
[PlyCount "75"]
[EventDate "2021.03.31"]
[EventType "swiss"]
[EventRounds "9"]
[EventCountry "ESP"]
[SourceTitle "CBM 201 Extra"]
[Source "ChessBase"]
[SourceDate "2021.05.31"]
[SourceVersion "1"]
[SourceVersionDate "2021.05.31"]
[SourceQuality "1"]

1. g3 c5 2. Bg2 Nc6 3. d3 g6 4. f4 Bg7 5. Nf3 e6 6. 0-0 Nge7 7. e4 0-0 8. c3 d5 9. Qe2 b5 10. e5 Rb8 11. d4 c4 12. Be3 a5 13. Bf2 Qb6 14. Nbd2 b4 15. g4 f6 16. exf6 Rxf6 17. Bg3 Rb7 18. Rab1 Bd7 19. h4 Nc8 20. Bh3 Rf8 21. Kh2 Nd6 22. Ne5 Nxe5 23. fxe5 Nb5 24. Qe3 Be8 25. g5 Rbf7 26. Rf6 Bd7 27. Bg4 Bxf6 28. gxf6 Be8 29. Nf3 Nc7 30. Rg1 Kh8 31. Bf4 bxc3 32. bxc3 Rd7 33. Bh6 Rg8 34. Ng5 Bf7 35. Rf1 Rb8 36. Bg7+ Kg8 37. Nxh7 Be8 38. Qh6 1-0

[Event "Oslo op"]
[Site "Oslo"]
[Date "2018.10.02"]
[Round "4"]
[White "Roque Sola, Andrea"]
[Black "Selvik, Elma"]
[Result "1-0"]
[WhiteElo "1895"]
[BlackElo "1247"]
[PlyCount "99"]
[EventDate "2018.09.30"]
[EventType "swiss"]
[EventRounds "10"]
[EventCountry "NOR"]
[SourceTitle "EXT 2020"]
[Source "ChessBase"]
[SourceDate "2019.10.17"]
[SourceVersion "1"]
[SourceVersionDate "2019.10.17"]
[SourceQuality "1"]

1. c4 e5 2. g3 Nf6 3. Bg2 Nc6 4. Nc3 Be7 5. e3 0-0 6. Nge2 d6 7. 0-0 Bf5 8. d3 Qd7 9. Re1 Bh3 10. Bh1 Rfe8 11. Rb1 a5 12. a3 Na7 13. Bxb7 Rab8 14. Bh1 c6 15. d4 exd4 16. exd4 d5 17. cxd5 cxd5 18. Nf4 Be6 19. Nxe6 fxe6 20. Bf4 Bd6 21. Bxd6 Qxd6 22. Qd3 Nc6 23. Re2 e5 24. dxe5 Nxe5 25. Qd4 Rbd8 26. Rbe1 Nc6 27. Rxe8+ Rxe8 28. Rxe8+ Nxe8 29. Qxd5+ Qxd5 30. Bxd5+ Kf8 31. Bxc6 Nd6 32. b4 axb4 33. axb4 Ke7 34. b5 Kd8 35. Nd5 Kc8 36. f4 g6 37. Nf6 h6 38. Ng8 Nf7 39. Ne7+ Kc7 40. Nxg6 Nd6 41. Kf2 Kb6 42. Kf3 Kc7 43. g4 Nc8 44. f5 Kd6 45. Kf4 Nb6 46. h4 Nc8 47. g5 hxg5+ 48. Kxg5 Nb6 49. h5 Nc8 50. h6 1-0

[Event "Oslo op"]
[Site "Fornebu"]
[Date "2017.09.29"]
[Round "1"]
[White "Vovk, Andrey"]
[Black "Roque Sola, Andrea"]
[Result "1-0"]
[WhiteElo "2622"]
[BlackElo "1900"]
[PlyCount "37"]
[EventDate "2017.09.29"]
[EventType "swiss"]
[EventRounds "10"]
[EventCountry "NOR"]
[SourceTitle "CBM 181 Extra"]
[Source "ChessBase"]
[SourceDate "2017.12.12"]
[SourceVersion "1"]
[SourceVersionDate "2017.12.12"]
[SourceQuality "1"]

1. e4 e6 2. d4 d5 3. Nd2 dxe4 4. Nxe4 Nf6 5. Nxf6+ Qxf6 6. Nf3 h6 7. Be3 Nd7 8. Bd3 Bd6 9. Qd2 0-0 10. 0-0-0 e5 11. Rhe1 Qe6 12. d5 Qg4 13. h3 Qa4 14. Bxh6 gxh6 15. Re4 Qxe4 16. Bxe4 f5 17. Qxh6 fxe4 18. Qg6+ Kh8 19. Ng5 1-0

[Event "Zaragoza Tejero Laman op 9th"]
[Site "Zaragoza"]
[Date "2017.09.17"]
[Round "2"]
[White "Forcen Esteban, Daniel"]
[Black "Roque Sola, Andrea"]
[Result "1-0"]
[WhiteElo "2528"]
[BlackElo "1900"]
[PlyCount "85"]
[EventDate "2017.09.17"]
[EventType "swiss (rapid)"]
[EventRounds "9"]
[EventCountry "ESP"]
[SourceTitle "CBM 180 Extra"]
[Source "ChessBase"]
[SourceDate "2017.10.06"]
[SourceVersion "1"]
[SourceVersionDate "2017.10.06"]
[SourceQuality "1"]

1. e4 e6 2. d4 d5 3. Nc3 Nf6 4. e5 Nfd7 5. f4 c5 6. Nf3 Nc6 7. Be3 Be7 8. Qd2 0-0 9. dxc5 Bxc5 10. 0-0-0 Bxe3 11. Qxe3 Qb6 12. Qe1 Nc5 13. Bb5 a6 14. Bxc6 bxc6 15. g4 Rb8 16. b3 Qb4 17. Nd4 Qa3+ 18. Kb1 Bd7 19. Qd2 a5 20. f5 f6 21. exf6 Rxf6 22. g5 Rff8 23. f6 e5 24. fxg7 Rf7 25. g6 hxg6 26. Qh6 Rxg7 27. Rhg1 exd4 28. Rxg6 Ne6 29. Rdg1 Qe7 30. Ne2 Rf8 31. Nxd4 Rxg6 32. Qxg6+ Ng7 33. Nxc6 Bxc6 34. Qxc6 Qe5 35. h4 Qd4 36. Qg6 Qe5 37. h5 Kh8 38. Qh6+ Kg8 39. a4 Qf6 40. Qd2 Kh8 41. Qxd5 Qf5 42. Qd4 Rf7 43. h6 1-0

[Event "Pan American-ch U14 Girls"]
[Site "Oaxtepec"]
[Date "2014.07.14"]
[Round "5"]
[White "Solis Chimoy, Blanca de Lourdes"]
[Black "Roque Sola, Andrea"]
[Result "1-0"]
[WhiteElo "1646"]
[BlackElo "1644"]
[PlyCount "47"]
[EventDate "2014.07.11"]
[EventType "swiss"]
[EventRounds "9"]
[EventCountry "MEX"]
[SourceTitle "EXT 2022"]
[Source "ChessBase"]
[SourceDate "2021.10.06"]
[SourceVersion "1"]
[SourceVersionDate "2021.10.06"]
[SourceQuality "1"]

1. Nf3 g6 2. d4 Bg7 3. Bf4 Nf6 4. h3 0-0 5. e3 d6 6. Nbd2 Nbd7 7. c3 a6 8. a4 c5 9. Be2 Re8 10. Bh2 b6 11. 0-0 Bb7 12. Re1 Nf8 13. Bc4 d5 14. Bd3 c4 15. Bc2 N6d7 16. e4 e5 17. exd5 exd4 18. Nxd4 Bxd5 19. Ne4 Qh4 20. Nf3 Qh5 21. g4 Qxh3 22. Nfg5 Qh6 23. Qxd5 Re7 24. Qxa8 1-0

[Event "Pan American-ch U14 Girls"]
[Site "Oaxtepec"]
[Date "2014.07.13"]
[Round "4"]
[White "Roque Sola, Andrea"]
[Black "Rosado Perez, Maria Jose"]
[Result "1-0"]
[WhiteElo "1644"]
[BlackElo "1813"]
[PlyCount "45"]
[EventDate "2014.07.11"]
[EventType "swiss"]
[EventRounds "9"]
[EventCountry "MEX"]
[SourceTitle "EXT 2022"]
[Source "ChessBase"]
[SourceDate "2021.10.06"]
[SourceVersion "1"]
[SourceVersionDate "2021.10.06"]
[SourceQuality "1"]

1. c4 c5 2. Nc3 Nf6 3. g3 e6 4. Bg2 d5 5. cxd5 exd5 6. d4 Be6 7. e3 Nbd7 8. Nge2 Rc8 9. 0-0 cxd4 10. exd4 Be7 11. Nf4 Nb6 12. Re1 Qd7 13. Qe2 Rc6 14. Nd3 Bd6 15. Bg5 Kd8 16. Qf3 Bg4 17. Bxf6+ Kc8 18. Qe3 gxf6 19. Nxd5 Nc4 20. Qh6 Bf8 21. Qf4 Bd6 22. Qxf6 Be5 23. Nxe5 1-0